000 01289nam a2200361 a 4500
001 20750
003 VRT
005 20260131110218.0
008 250414s1990 xo 0 slo
015 _aSNBA1991/01
020 _a8085198290
035 _aSNK000006066
039 9 _a202504141419
_bVLOAD
_c202403141524
_dVLOAD
_c202310171713
_dAUTHORITY
_c202310171655
_dAUTHORITY
040 _aSNK
_bslo
_cSNK
_eAACR2
041 0 _axo
044 _axo
_cSK
080 _a830-3
_21981
080 _a929 Damien
_21981
100 1 _aHünermann, Wilhelm,
_d1900-1975
_4aut
245 1 0 _aNa ostrov smrti. P. Damián de Veuster
_cWilhelm Hünermann ; Štefan Dian, Andrej Pauliny
250 _a1. vyd.
260 _aBratislava
_bIkar
_aS.l.
_bSpolok sv. Vojtecha v Trnave [vyd.]
_c1990
_eBanská Bystrica
_fTlačiarne SNP
300 _a350 s.
_c17 cm
366 _e33 Kčs.
500 _aSpoluvyd. Slov. ústav sv. Cyrila a Metoda v Ríme. Záujmový náklad.
700 1 _aDian, Štefan
_4trl
700 1 _aPauliny, Andrej,
_d1925-2005
_4bkd
942 _2ddc
_cKLDO
_n0
949 _617A0159750
_9P60, <04>, [BOOK], {604}
_asnkSD 62709 D1
949 _617A0267550
_9P60, <04>, [BOOK], {604}
_asnkSD 62709 D2
999 _c20750
_d20750